000 00546nam a2200217Ia 4500
003 OSt
005 20220928141835.0
006 a|||||r|||| 00| 0
007 ta
008 220927b |||||||| |||| 00| 0 eng d
024 _a18041
037 _cTextual
040 _aSDCL
_cSDCL
_beng
041 _2eng
_aeng
082 _aX:87, M6
100 _aWinckles Kenneth
_9502466
245 0 _aPractice of successful business management
260 _c1986
942 _hX:87, M6
_cTEXL
_2CC
999 _c820313
_d820313